000 00307nam a22001337a 4500
008 170127b xxu||||| |||| 00| 0 eng d
020 _a9780323046343
041 _aeng
080 _28TH
_a61
100 _a3
101 _aSHM
245 _aDIAGNOSTIC AND LABORATORY TEST REFERENCE
_cPAGANA
942 _2udc
_cBK
999 _c3890
_d3890